| 000 | 00662cam a2200205Ia 4500 | ||
|---|---|---|---|
| 020 | _a9780071582759 | ||
| 020 | _a0071582754 | ||
| 040 | _cBTCTA | ||
| 082 | _a508 MCG 2008 A032 Or. | ||
| 100 | 1 | _aRothery, David A. | |
| 245 | 1 | 0 | _aGeology / |
| 246 | 3 | _aTeach yourself geology | |
| 250 | _aNew ed. | ||
| 260 |
_aBlacklick, OH : _bMcGraw-Hill Companies, _c2008. |
||
| 300 |
_ax, 278 p. : _bill. ; _c20 cm. |
||
| 490 | 1 | _aTeach yourself | |
| 500 | _a"Discover the geological processes that shape our world ; Learn about the origin and evolution of the Earth ; Change the way you view the landscape around you."--Cover. | ||
| 650 | 0 | _aGeology. | |
| 942 | _cEK | ||
| 999 |
_c12127 _d12127 |
||